| 000 | 00530nam a22001457a 4500 | ||
|---|---|---|---|
| 005 | 20170819095955.0 | ||
| 008 | 170819b xxu||||| |||| 00| 0 eng d | ||
| 040 | _cPK-LaUMT | ||
| 082 |
_a297.4 _bRIA-I |
||
| 100 | _aRiaz, Muhammad = ریاض، محمد | ||
| 245 |
_aIqbal aur ibn Hallaj = اقبال اورابن حلاج : _bکتاب الطواسین اور تصانیف اقبال کا تقابلی مطالعہ _cمحمد ریاض |
||
| 260 |
_aLahore : _bIslamic Book Foundation, _c1977 |
||
| 300 | _a64 p. | ||
| 942 | _cBK | ||
| 999 |
_c97404 _d97404 |
||